Представление документа в формате MARC21

Поле Инд. ПП Название Значение
Тип записи a
Библиографический уровень m
001 Контрольный номер RU/IS/BASE/131801124
005 Дата корректировки 20250630163020.1
020 00 a ISBN 5-88527-133-X
084 a Индекс другой классификации/Индекс ББК 84(2=411.2)53-44
090 00 a Полочн. индекс 84(2=411.2)53-44
x Авторский знак А 888
100 10 a Автор Арцыбашев М. П.
d Даты 1878-1927
q Полное имя Арцыбашев Михаил Петрович
245 00 a Заглавие Наш третий клад
b Продолж. заглавия повести: рассказы: роман: записки писателя
c Ответственность составитель, вступительная статья, примечания Т. Ф. Прокопова
260 00 a Место издания Москва
b Издательство ШКОЛА-ПРЕСС
c Дата издания 1996
300 00 a Объем 720 с.
336 a Термин вида содержания Текст
337 a Термин типа средства непосредственный
440 00 a Серия Круг чтения: Школьная программа
504 00 a Библиография Примеч.: с. 714-717
505 00 a Форматированное содержание Санин
a Форматированное содержание Паша Туманов
a Форматированное содержание Подпрапорщик Гололобов
a Форматированное содержание Смерть Ланде
a Форматированное содержание Кровавое пятно
a Форматированное содержание Сильнее смерти
a Форматированное содержание Палата неизлечимых
a Форматированное содержание Братья Аримафейские
a Форматированное содержание Куприян
a Форматированное содержание О смерти Чехова
a Форматированное содержание О Толстом
a Форматированное содержание Железное кольцо Пушкина
a Форматированное содержание Роман маленькой женщины
a Форматированное содержание От "малого" ничтожным
a Форматированное содержание Наш третий клад
a Форматированное содержание Жгучий вопрос
600 14 a Персоналии Арцыбашев Михаил Петрович
650 04 a Основная рубрика художественная литература
653 00 a Ключевые слова XIX век
a Ключевые слова XX век
a Ключевые слова Россия
a Ключевые слова русская литература
655 00 a Жанр/ форма (устаревшее) проза
a Жанр/ форма (устаревшее) роман
a Жанр/ форма (устаревшее) записки
a Жанр/ форма (устаревшее) повесть
a Жанр/ форма (устаревшее) рассказ
700 10 a Автор Прокопов Т. Ф.
e Роль лиц составитель; автор вступительной статьи
q Полное имя Прокопов Тимофей Федорович
901 t Тип документа m
952 a Тип литературы для КСУ ВШ ЛХИ